Anfora llena (Record no. 127943)

MARC details
000 -LEADER
campo de control de longitud fija 00459nam a2200157 4500
001 - NÚMERO DE CONTROL
campo de control 127943
003 - IDENTIFICADOR DE NÚMERO DE CONTROL
campo de control ES-MaACL
005 - FECHA Y HORA DE LA ÚLTIMA TRANSACCIÓN
campo de control 20230906193126.0
007 - CAMPO FIJO DE DESCRIPCIÓN FÍSICA--INFORMACIÓN GENERAL
campo de control de longitud fija t|
008 - DATOS DE LONGITUD FIJA--INFORMACIÓN GENERAL
campo de control de longitud fija 070214s1920 ag r ||||1| spa d
100 1# - ENTRADA PRINCIPAL--NOMBRE DE PERSONA
Nombre de persona Rivero Astengo, Agustín P.
9 (RLIN) 97691
245 10 - MENCIÓN DEL TÍTULO
Título Anfora llena
Resto del título : (versos) /
Mención de responsabilidad, etc. Agustín P. Rivero Astengo.
260 ## - PUBLICACIÓN, DISTRIBUCIÓN, ETC.
Lugar de publicación, distribución, etc. Buenos Aires :
Nombre del editor, distribuidor, etc. [s. n.],
Fecha de publicación, distribución, etc. 1920 (
Fabricante Imp. Mercatali)
300 ## - DESCRIPCIÓN FÍSICA
Extensión 40 h. ;
Dimensiones 19 x 12 cm.
852 ## - LOCALIZACIÓN
Ubicación ES-MaACL
Número de control de estantería F-10107
Holdings
Estatus retirado Estado de pérdida Estado de daño No para préstamo Biblioteca de origen Biblioteca actual Ubicación en estantería Fecha de adquisición Fuente de adquisición Total de préstamos Signatura topográfica completa Código de barras Visto por última vez Precio de reemplazo Tipo de ítem Koha
        Biblioteca del Ateneo de Madrid Biblioteca del Ateneo de Madrid Sala Pecera Planta 2 17/01/2008     F-10107 1133257 23/02/2023 23/02/2023 Libro impreso